|
|
|
|
| LEADER |
01486nam a2200409 a 4500 |
| 001 |
nkc20112163136 |
| 003 |
CZ PrNK |
| 005 |
20191125121158.0 |
| 007 |
ta |
| 008 |
110301s2011 xr af e f 001 0 cze |
| 015 |
|
|
|a cnb002163136
|
| 020 |
|
|
|a 978-80-7296-076-7
|q (váz.)
|
| 035 |
|
|
|a (OCoLC)713795584
|
| 040 |
|
|
|a BOA001
|b cze
|
| 072 |
|
7 |
|a 615.8
|x Fyzioterapie. Psychoterapie. Alternativní lékařství
|2 Konspekt
|9 14
|
| 080 |
|
|
|a 549.091
|2 MRF
|
| 080 |
|
|
|a 615.8
|2 MRF
|
| 080 |
|
|
|a 133.5:118
|2 MRF
|
| 080 |
|
|
|a (0.062)
|2 MRF
|
| 100 |
1 |
|
|a Kreperát, Josef Pavel,
|d 1946-
|7 jn20000620185
|4 aut
|
| 245 |
1 |
0 |
|a Skrytá moc drahých kamenů a jejich vliv na naše duševní a fyzické zdraví /
|c Josef Pavel Kreperát
|
| 250 |
|
|
|a Vyd. 10.
|
| 260 |
|
|
|a Praha :
|b Granit,
|c 2011
|
| 300 |
|
|
|a 183 s., [16] s. barev. obr. příl. :
|b il. ;
|c 22 cm
|
| 504 |
|
|
|a Obsahuje bibliografii a rejstřík
|
| 650 |
0 |
7 |
|a drahé kameny
|7 ph114356
|x terapeutické účinky
|2 czenas
|
| 650 |
0 |
7 |
|a čakry
|7 ph119371
|2 czenas
|
| 650 |
0 |
9 |
|a precious stones
|x therapeutic effects
|2 eczenas
|
| 650 |
0 |
9 |
|a precious stones
|x therapeutic effects
|2 eczenas
|
| 650 |
0 |
9 |
|a chakra (hinduism)
|2 eczenas
|
| 655 |
|
7 |
|a populárně-naučné publikace
|7 fd131864
|2 czenas
|
| 655 |
|
9 |
|a popular works
|2 eczenas
|
| 910 |
2 |
|
|a BOA001
|b 2-1261.811
|
| 990 |
|
|
|a BK
|
| 995 |
|
|
|a 01
|
| 991 |
|
|
|b 201103
|c NOV
|e n
|
| 996 |
6 |
|
|b 2610471698
|c 2-1261.811
|l MZK
|r Sklad / do 1 hodiny
|n 1
|p p.v.
|w 001170885
|u 000010
|a 1
|e BOA001
|j MZK50
|s P
|